000 00576nam a2200169Ia 4500
003 GCL
008 140319s9999 xx 000 0 ara d
040 _aGCL /
_cGCL
082 0 4 _a350.8232
_bح ا
100 1 _aحسن عبدالعزيز حسن
245 1 0 _aاقتصاديات الموارد : الكتاب الثالث الموارد المعدنية والبشرية واقتصاديات الصناعة والطاقة /
_cحسن عبدالعزيز حسن
300 _a438 ص
490 _a
650 0 4 _aالاقتصاد
650 0 4 _aالموارد
942 _2ddc
_cBK
999 _c41487
_d41487